Score 0/21 Timer 05:00
0 Plays Today
Historical Figure Answer % Correct
O(Barack) Obama
99.4%
E(Albert) Einstein
97.6%
(Abraham) Lincoln
96.6%
(Joseph) Stalin
93.1%
S(William) Shakespeare
92.5%
(Winston) Churchill
91.7%
(Theodore) Roosevelt
81.4%
P(Rosa) Parks
81.2%
L(Vladimir) Lenin
80.4%
Socrates
75.8%
C(Marie) Curie
74.7%
Historical Figure Answer % Correct
(Amelia) Earhart
71.5%
Christopher Columbus
64%
Pablo Picasso
63.3%
(Thomas) Edison
54.2%
RRembrandt van Rijn
53%
(Eva) Perón
53%
(George) Orwell
46.8%
Richard III
38.6%
(Ada) Lovelace
14.8%
(Georgia) O'Keeffe
10.7%
Remove Ads.
Support Sporcle.
Get the best of Sporcle when you Go Orange. This ad-free experience offers more features, more stats, and more fun while also helping to support Sporcle. Thank you for becoming a member.

You're not logged in!

Compare scores with friends on all Sporcle quizzes.
OR
Log In

Show Comments

Extras

Top Quizzes Today


Score Distribution

Your Account Isn't Verified!

In order to create a playlist on Sporcle, you need to verify the email address you used during registration. Go to your Sporcle Settings to finish the process.

Report this User

Report this user for behavior that violates our Community Guidelines.

Details: